沙特阿拉伯邻国国旗 - Statistics

General Stats
  • This quiz has been taken 35 times
  • The average score is 6 of 7
Answer Stats
Picture Answer % Correct
伊拉克
96%
也门
96%
阿曼
96%
卡塔尔
93%
约旦
81%
阿拉伯联合酋长国
81%
科威特
74%
No matching quizzes found
Score Distribution
Percent of People with Each Score
Percentile by Number Answered
Your Score History
You have not taken this quiz